| 000 | 00680nam a22001817a 4500 | ||
|---|---|---|---|
| 005 | 20211006122728.0 | ||
| 008 | 211006b mx ||||| |||| 00| 0 spa d | ||
| 050 | 0 | 4 |
_aML3795.S34 _bM87 1939 |
| 100 | 1 |
_aSalazar, Adolfo, _d1890-1958 |
|
| 245 | 1 | 0 |
_aMúsica y sociedad en el siglo XX : _bEnsayo de critica y de estética desde el punto de vista de su función social / _cAdolfo Salazar |
| 250 | _aprimera edición | ||
| 260 |
_aMéxico : _b La Casa de España en México, _c1939 |
||
| 300 |
_a221 p. ; _c22 cm. |
||
| 650 | 4 |
_aMúsica _xAspectos sociales |
|
| 650 | 4 |
_aMúsica _xFilosofía y estética |
|
| 650 | 4 |
_aMúsica _xHistoria y crítica _ySiglo XX |
|
| 942 |
_2lcc _cLIB |
||
| 999 |
_c157861 _d157859 |
||